Prekancerózy a karcinómy žalúdka a kolorekta - hladiny vybraných mikronutrientov v krvi

Bibliographic Details
Main Authors: Beňo, Igor, 1937-2017 (Author), Ondreička, Rudolf (Author), Magálová, Tatiana (Author), Brtková, Anastázia (Author), Grančičová, Elena (Author)
Format: Article
Language:Slovak
PhysicalDescription:Tab.
ISSN:0006-9248
Subjects:

MARC

LEADER 00000nab a2200000 a 4500
001 vtls000649491
003 SK-MaSNL
005 20260304232451.0
008 250425c1997 xo 0 slo
015 |a SNBRA1998/01-00225 
035 |a CLN000001686 
035 |a urn:nbn:sk:snk-abhg5 
035 |a (urnnbn)urn:nbn:sk:snk:ar-a03ffh 
035 |a (uuid)6335eab5-2139-46d7-81b2-2803a84608f6 
040 |a SNKBUCL  |b slo  |c SNKBUCL  |e AACR2 
041 0 |a slo 
044 |a xo  |c SK 
080 |a 616.33-006.6  |2 1997 
080 |a 616.351-006.6  |2 1997 
245 0 0 |a Prekancerózy a karcinómy žalúdka a kolorekta - hladiny vybraných mikronutrientov v krvi  |c I. Beňo ... [et al.] 
300 |b Tab. 
504 |a Res. angl., slov. Bibliogr. odkazy 
650 0 7 |a žalúdok  |2 snkbucl  |9 21056 
650 0 7 |a konečník  |2 snkbucl  |9 50814 
650 0 7 |a prekancerózy  |2 snkbucl  |9 26592 
650 0 7 |a karcinóm  |2 snkbucl  |9 900579 
655 7 |a články z novín a časopisov  |2 snkbucl  |2 snkbucl  |9 267496 
700 1 |a Beňo, Igor,  |d 1937-2017  |4 aut  |9 120129 
700 1 |a Ondreička, Rudolf  |4 aut  |9 193861 
700 1 |a Magálová, Tatiana  |4 aut  |9 73917 
700 1 |a Brtková, Anastázia  |4 aut  |9 800077 
700 1 |a Grančičová, Elena  |4 aut  |9 1031093 
773 0 |t Bratislavské lekárske listy  |g Roč. 98, č. 12 (1997), s. 674-677  |x 0006-9248 
850 |a Slovenská národná knižnica 
852 |a Slovenská národná knižnica 
954 |a odborná, vedecká literatúra pôvodná (slovenská)  |2 lita 
958 |a article27 
958 |a NB 
958 |a OND 
958 |a EUIPO 
992 |a RBX 
999 |c 3193921  |d 3195851